000 00423nam a22001577a 4500
003 OSt
008 230227b |||||||| |||| 00| 0 eng d
041 _amal
082 _a523
_bSAB/PA
100 _aSabu jose
_95405
245 _aPakidakalikkunna daivam
_bപകിട കളിക്കുന്ന ദൈവം
250 _I1st
260 _aThiruvananthapuram
_CChintha Publishers
_c2022
300 _a272
942 _cBK
999 _c17647
_d17647